| 000 | | | 05816cmc2a2200000 x 450 |
| 001 | | | ddf39302-0182-4a10-8e22-2849950f7755 |
| 005 | | | 20170615162136.0 |
| 100 | ## | $a | 20131016l18501850k y0rusy0189 ca |
| 101 | 0# | $a | rus |
| 102 | ## | $a | RU |
| 251 | ## | $c | Дело |
| 225 | 0# | $a | Департамент государственной экономии Государственного совета |
| | $h | Опись № 4 |
| | $i | 1850 год |
| 324 | ## | $a | Пленка |
| 801 | #0 | $a | RU |
| | $b | РГИА |
| 801 | #1 | $a | RU |
| | $b | ГлавНИВЦ |
| | $2 | rusmarc |
| 801 | #2 | $a | RU |
| | $b | ПБ им. Б.Н. Ельцина |
| | $c | 20131028 |
| | $g | RCR |
| | $2 | rusmarc |
| 850 | ## | $a | Федеральное казенное учреждение "Российский государственный исторический архив" (РГИА) |
| 852 | ## | $a | РГИА |
| | $j | 84 |
| 937 | ## | $a | ASBIBLIO_SCAN |
| | $b | РГИА_1152:_4:1850_84: |
| | $d | 6105067 |
| | $h | РГИА |
| 200 | 1# | $a | Дело о выдаче баварскому подданному Иохиму 10-летней привилегии на способ приготовления гальванических тепов или литер |
| | $e | начато 20 июля 1850 г. |
| | $e | Высочайше утверждено 2 октября 1850 г. |
| | $j | 1850 |
| 215 | ## | $a | 10 листов |
| 035 | ## | $a | ddf39302-0182-4a10-8e22-2849950f7755 |
| 122 | 2# | $a | d18500720## |
| | $a | d18501002## |
| 300 | ## | $a | Рукописный текст. Чернила |
| 300 | ## | $a | Оригинальный заголовок дела: О привилегии баварскому подданному Иохиму на способ приготовления гальванических тепов или литер |
| 461 | #0 | $1 | 0010d5be7de-e8a8-41f9-ad39-4638185d5a90 |
| | $1 | 2001 |
| | $a | Департамент государственной экономии Государственного совета |
| | $1 | 251 |
| | $c | Фонд |
| | $1 | 852 |
| | $j | 1152 |
| 462 | #0 | $1 | 00183877329-2d90-4008-90eb-bd48d4a741cd |
| | $1 | 2001 |
| | $a | 1850-1856 |
| | $v | Д. 84 |
| | $1 | 251 |
| | $c | Опись |
| | $1 | 852 |
| | $j | 4 |
| 517 | 1# | $a | О привилегии баварскому подданному Иохиму на способ приготовления гальванических тепов или литер |
| 605 | ## | $2 | acquisition_Prlib |
| | $3 | LIBNET\UAF\0000062987 |
| | $a | Бавария |
| | $l | коллекция |
| 605 | ## | $a | Россия - Германия: из истории взаимоотношений |
| | $l | коллекция |
| | $2 | acquisition_Prlib |
| | $3 | LIBNET\UAF\0000060593 |
| 605 | ## | $2 | acquisition_Prlib |
| | $3 | DITM\AF\0000003834 |
| | $a | Народ |
| | $l | коллекция |
| 686 | ## | $a | 63.3(2)521.2ю1 |
| | $2 | rubbk |
| | $v | LBC/M |
| 686 | ## | $a | 76.103(2)52.1 |
| | $v | LBC/M |
| | $2 | rubbk |
| 606 | 1# | $2 | nlr_sh |
| | $3 | RU\NLR\AUTH\661439613 |
| | $a | Немцы |
| | $j | Документы и материалы |
| | $x | История |
| | $y | Россия |
| 606 | 1# | $a | Типографское дело |
| | $j | Документы и материалы |
| | $x | История |
| | $y | Россия |
| | $2 | prlib_sh |
| | $3 | LIBNET\UAF\0000062999 |
| 856 | 4# | $u | http://www.prlib.ru/Lib/pages/item.aspx?itemid=138429 |